[Event "29th Avoine Open 2014"]
[Site "Avoine FRA"]
[Date "2014.07.21"]
[Round "3.36"]
[White "Devallee, Jeremie"]
[Black "Baillargeant, Tony"]
[Result "1-0"]
[WhiteElo "2169"]
[BlackElo "1930"]
[WhiteFideId "665240"]
[BlackFideId "631876"]
[EventDate "2014.07.19"]

1. e4 e6 2. Nf3 d5 3. e5 c5 4. b4 cxb4 5. d4 Nc6 6. a3 Qc7 7. axb4 Bxb4+ 8. c3
Be7 9. Bd3 f6 10. Qe2 Bd7 11. O-O f5 12. Na3 Bxa3 13. Bxa3 Nge7 14. Bd6 Qd8 15.
Rfb1 Nc8 16. Ba3 g6 17. g4 Kf7 18. gxf5 gxf5 19. Rxb7 Nb6 20. Bc5 Rg8+ 21. Kh1
Qc8 22. Nh4 Rg4 23. Nxf5 exf5 24. Bxf5 Qxb7 25. Qxg4 Nxe5 26. Qf4 Ng6 27. Bxg6+
Kg7 28. Qf7+ Kh6 29. Qxh7+ Kg5 30. Be7+ Kf4 31. Qf7+ 1-0

[Event "29th Avoine Open 2014"]
[Site "Avoine FRA"]
[Date "2014.07.21"]
[Round "3.37"]
[White "Smith, Matthieu"]
[Black "Grateau, Jean-Noel"]
[Result "1-0"]
[WhiteElo "2159"]
[BlackElo "1929"]
[WhiteFideId "640689"]
[BlackFideId "641456"]
[EventDate "2014.07.19"]

1. d4 Nf6 2. c4 g6 3. g3 Bg7 4. Bg2 c6 5. Nf3 d5 6. O-O O-O 7. b3 a5 8. Nc3 Ne4
9. Bb2 Nxc3 10. Bxc3 a4 11. cxd5 Qxd5 12. bxa4 Qc4 13. Qb3 Qxa4 14. Ne5 Qxb3 15.
axb3 Rxa1 16. Rxa1 Na6 17. f4 Nc7 18. Bb4 Bf6 19. e3 Nd5 20. Bd2 Be6 21. Nd3 b6
22. Rc1 Ra8 23. Rxc6 Ra2 24. Bc1 Rxg2+ 25. Kxg2 Nxe3+ 26. Kf2 Ng4+ 27. Ke2 Bxd4
28. h3 Nf6 29. Bb2 Bxb2 30. Nxb2 Bxb3 31. Rxb6 Be6 32. h4 Nd5 33. Rb8+ Kg7 34.
Kd3 Kf6 35. Ke4 Nc3+ 36. Kd3 Nd5 37. Nd1 h5 38. Kd4 Kg7 39. Nf2 Nf6 40. Rb7 Kf8
41. Ra7 Ng8 42. Ne4 Nh6 43. Ra3 f6 44. Kc5 Bd7 45. Kd5 Kf7 46. Ra7 Be6+ 47. Kc5
Nf5 48. Ra3 Kf8 49. Kb6 Nd4 50. Nc5 Bg4 51. Rd3 Nf5 52. Kc7 Nd6 53. Re3 Nf5 54.
Ra3 Nd4 55. Rd3 Nf5 56. Ne6+ Kf7 57. Nd8+ Kf8 58. Rb3 Nd4 59. Rb8 Kg7 60. Rb4
Nf5 61. Rb3 Kf8 62. Nc6 Ke8 63. Ra3 Nd6 64. Ra8+ Kf7 65. Nd8+ Kg7 66. Rb8 Bh3
67. Nc6 Kf7 68. Kd8 e6 69. Kd7 Ne4 70. Nd8+ Kg7 71. Nxe6+ Bxe6+ 72. Kxe6 Nxg3
73. Rb7+ Kh6 74. Kxf6 Nf5 75. Rb8 Kh7 76. Kg5 Nd6 77. f5 gxf5 78. Kxh5 Kg7 79.
Kg5 Ne4+ 80. Kxf5 Nd6+ 81. Kg4 Ne4 82. Ra8 Nf6+ 83. Kf4 Nd5+ 84. Kg5 Kh7 85.
Ra7+ Kg8 86. Rd7 Nb6 87. Rd4 Kg7 88. h5 Nc8 89. Rd7+ 1-0

[Event "29th Avoine Open 2014"]
[Site "Avoine FRA"]
[Date "2014.07.21"]
[Round "3.38"]
[White "Bizovi, Mihai"]
[Black "Vekemans, Sylvain"]
[Result "1-0"]
[WhiteElo "2157"]
[BlackElo "1928"]
[WhiteFideId "13903748"]
[BlackFideId "686506"]
[EventDate "2014.07.19"]

1. d4 Nf6 2. c4 e5 3. dxe5 Ng4 4. Bf4 g5 5. Bg3 Bg7 6. h4 Nxe5 7. hxg5 Nxc4 8.
Nc3 Nc6 9. Rc1 d6 10. e3 N4e5 11. Be2 Be6 12. Nf3 Nxf3+ 13. Bxf3 Qxg5 14. Rh5
Qe7 15. Rb5 Nd8 16. Bxb7 Rb8 17. Ba6 Rxb5 18. Nxb5 Be5 19. Rxc7 Qg5 20. Nxd6+
Kf8 21. Ne4 Bxg3 22. Nxg5 Bxc7 23. Qd4 Kg8 24. Ne4 Bb6 25. Nf6+ Kf8 26. Qd6+ Kg7
27. Qe5 Kf8 28. Nd7+ Kg8 29. Nxb6 axb6 30. Qg5+ 1-0

[Event "29th Avoine Open 2014"]
[Site "Avoine FRA"]
[Date "2014.07.21"]
[Round "3.39"]
[White "Cau, Benjamin"]
[Black "Trouve, Guillaume"]
[Result "1-0"]
[WhiteElo "2148"]
[BlackElo "1910"]
[WhiteFideId "621625"]
[BlackFideId "26007266"]
[EventDate "2014.07.19"]

1. e4 c5 2. Nf3 d6 3. d4 cxd4 4. Nxd4 Nf6 5. Nc3 e6 6. g3 Nc6 7. Bg2 Bd7 8. Ndb5
Qb8 9. Bf4 Ne5 10. O-O Be7 11. Qe2 a6 12. Nd4 Qc7 13. Rad1 Rc8 14. Bc1 b5 15. f4
Nc4 16. Rfe1 b4 17. Nb1 Nb6 18. c3 Ba4 19. Nb3 Bb5 20. Qf3 d5 21. e5 Nfd7 22.
cxb4 Bxb4 23. Bd2 Bxd2 24. N1xd2 O-O 25. Rc1 Nc4 26. Qf2 Qb8 27. Nf3 a5 28. Nbd4
Nc5 29. b3 Nd3 30. Qe2 Na3 31. Rxc8 Rxc8 32. Nxb5 Qxb5 33. Nd4 Qa6 34. Bf1 Rc3
35. Rd1 Qb6 36. Rxd3 Rc2 37. Qe3 Rxa2 38. Rc3 Qb7 39. Qc1 g6 40. f5 exf5 41.
Rc8+ Kg7 42. Nxf5+ 1-0

[Event "29th Avoine Open 2014"]
[Site "Avoine FRA"]
[Date "2014.07.21"]
[Round "3.40"]
[White "Dreux, Vincent"]
[Black "Schmit, Vincent"]
[Result "1-0"]
[WhiteElo "1935"]
[BlackElo "2144"]
[WhiteFideId "658960"]
[BlackFideId "20622430"]
[EventDate "2014.07.19"]

1. c4 Nf6 2. Nc3 g6 3. g3 Bg7 4. Bg2 O-O 5. e3 c6 6. Nge2 d5 7. b3 Qa5 8. O-O
Na6 9. Bb2 dxc4 10. bxc4 Qb4 11. Qb3 Be6 12. Ba3 Qxb3 13. axb3 Rfd8 14. d4 Re8
15. e4 Bc8 16. d5 Nd7 17. Rad1 e6 18. dxe6 Rxe6 19. Bh3 Nf6 20. Bxe6 Bxe6 21.
Rd3 Bf8 22. Bxf8 Kxf8 23. Nf4 Nc5 24. Nxe6+ fxe6 25. Rf3 Ke7 26. b4 Ncxe4 27.
Nxe4 Nxe4 28. Re3 Nd6 29. Rfe1 Nxc4 30. Rxe6+ Kd7 31. Re7+ Kd6 32. Rxb7 a5 33.
bxa5 Rxa5 34. Rxh7 Ne5 35. Rd1+ Ke6 36. Rc7 Rc5 37. f4 Ng4 38. h3 Nf6 39. Re1+
Kd6 40. Rg7 Nd5 41. Rxg6+ Kc7 42. h4 Nb4 43. Rg5 Rc2 44. h5 Nd3 45. Re3 Nf2 46.
Rg7+ Kd6 47. h6 Nh3+ 48. Kf1 Rc1+ 49. Kg2 Rg1+ 50. Kh2 Ra1 51. Rg6+ 1-0

[Event "29th Avoine Open 2014"]
[Site "Avoine FRA"]
[Date "2014.07.21"]
[Round "3.41"]
[White "Yche, Michel"]
[Black "Burri, Quentin"]
[Result "0-1"]
[WhiteElo "1939"]
[BlackElo "2135"]
[WhiteFideId "640298"]
[BlackFideId "26028654"]
[EventDate "2014.07.19"]

1. e4 c5 2. Nc3 d6 3. Bb5+ Bd7 4. Bc4 Nf6 5. f4 g6 6. Nge2 Nc6 7. d3 Bg7 8. O-O
O-O 9. a3 a6 10. Qe1 b5 11. Ba2 e6 12. Qh4 Nd4 13. Nxd4 cxd4 14. Ne2 Rc8 15. c3
dxc3 16. Nxc3 a5 17. f5 exf5 18. Bg5 h6 19. Bxh6 Ng4 20. Qxd8 Bd4+ 21. Kh1 Rfxd8
22. Bg5 Re8 23. Nd1 Kg7 24. h3 Rh8 25. Rc1 Rxc1 26. Bxc1 b4 27. Bd2 Ba4 28. b3
Bc6 29. axb4 fxe4 30. Bc3 Rxh3+ 0-1

[Event "29th Avoine Open 2014"]
[Site "Avoine FRA"]
[Date "2014.07.21"]
[Round "3.42"]
[White "Roussel, Glenn"]
[Black "Goupil, Arnaud"]
[Result "1/2-1/2"]
[WhiteElo "1930"]
[BlackElo "2126"]
[WhiteFideId "622443"]
[BlackFideId "619248"]
[EventDate "2014.07.19"]

1. e4 c5 2. Nc3 Nc6 3. Bb5 Nd4 4. Bc4 g6 5. Nf3 Bg7 6. Nxd4 cxd4 7. Qf3 e6 8.
Nb5 d6 9. Qa3 Bf8 10. Nxd4 Nf6 11. d3 d5 12. Bb5+ Bd7 13. Qa4 dxe4 14. dxe4 a6
15. Bxd7+ Qxd7 16. Qxd7+ Kxd7 17. f3 e5 18. Nb3 Rc8 19. c3 Ke6 20. Be3 Be7 21.
O-O-O Rhd8 22. Rxd8 Rxd8 23. Rd1 Rc8 24. Kc2 Nd7 25. Nd2 b5 26. b3 f5 27. Kb2
Nc5 28. Bxc5 Bxc5 29. Re1 f4 30. Re2 g5 31. b4 Be3 32. Nf1 Bg1 33. Rd2 h5 34. h3 1/2-1/2

[Event "29th Avoine Open 2014"]
[Site "Avoine FRA"]
[Date "2014.07.21"]
[Round "3.43"]
[White "Dubois, Pierre"]
[Black "Prevot, Rodolphe"]
[Result "1-0"]
[WhiteElo "2124"]
[BlackElo "1908"]
[WhiteFideId "673609"]
[BlackFideId "20600755"]
[EventDate "2014.07.19"]

1. e4 c5 2. c3 d5 3. exd5 Qxd5 4. d4 Nf6 5. Nf3 e6 6. Be2 cxd4 7. cxd4 Bb4+ 8.
Nc3 Bd7 9. O-O Bxc3 10. bxc3 Bb5 11. Ba3 Bxe2 12. Qxe2 Nc6 13. Rab1 O-O-O 14.
Rb5 Qe4 15. Qc4 Rd5 16. Rfb1 Rxb5 17. Qxb5 Na5 18. Ne5 a6 19. Qf1 Qc2 20. Bb4
Qa4 21. Bxa5 Qxa5 22. Nxf7 Ne4 23. Qc4+ Kb8 24. Nxh8 Qf5 25. Qc6 Nc5 26. Qd6+ 1-0

[Event "29th Avoine Open 2014"]
[Site "Avoine FRA"]
[Date "2014.07.21"]
[Round "3.44"]
[White "Goettelmann, Guillaume"]
[Black "Algaba, Pedro"]
[Result "1-0"]
[WhiteElo "2119"]
[BlackElo "1899"]
[WhiteFideId "645818"]
[BlackFideId "611492"]
[EventDate "2014.07.19"]

1. d4 d5 2. c4 c6 3. Nf3 Nf6 4. Nc3 g6 5. e3 Bg7 6. Bd3 Nbd7 7. O-O dxc4 8. Bxc4
b5 9. Bxf7+ Kxf7 10. Ng5+ Ke8 11. Qb3 Nf8 12. Qf7+ Kd7 13. Qxg7 Ne6 14. Qh6 Nxg5
15. Qxg5 Rf8 16. d5 a6 17. b4 Qc7 18. Bb2 Ke8 19. Rac1 Ng4 20. Qh4 Nf6 21. Nd1
c5 22. bxc5 g5 23. Qd4 Ng4 24. d6 exd6 25. Qe4+ 1-0

[Event "29th Avoine Open 2014"]
[Site "Avoine FRA"]
[Date "2014.07.21"]
[Round "3.45"]
[White "Dutreuil, Raphael"]
[Black "Deveque, Guillaume"]
[Result "1-0"]
[WhiteElo "2118"]
[BlackElo "1891"]
[WhiteFideId "20630999"]
[BlackFideId "658952"]
[EventDate "2014.07.19"]

1. d4 e6 2. c4 Bb4+ 3. Nd2 Nf6 4. Nf3 O-O 5. e3 b6 6. Bd3 Bb7 7. O-O d5 8. cxd5
exd5 9. Ne5 Re8 10. Ndf3 c5 11. a3 Ba5 12. Ng5 Re7 13. Qc2 h6 14. Bh7+ Kf8 15.
Nexf7 Qc7 16. Ne5 hxg5 17. Ng6+ Ke8 18. Nxe7 Kxe7 19. b4 Nxh7 20. Qxh7 cxb4 21.
Qxg7+ Kd8 22. Qf8+ Kd7 23. axb4 Bxb4 24. Qxb4 Nc6 25. Qb5 Rh8 26. Qxd5+ Kc8 27.
Qf5+ Kb8 28. f4 Ka8 29. d5 Nb4 30. Bb2 Rg8 31. Rfc1 Qe7 32. Qe6 Qxe6 33. dxe6
gxf4 34. e7 fxe3 35. g3 e2 36. Re1 Bf3 37. Ra3 Bh5 38. Re3 Nc2 39. R1xe2 Nxe3
40. Rxe3 Kb7 41. Re5 Bg6 42. Rg5 1-0

[Event "29th Avoine Open 2014"]
[Site "Avoine FRA"]
[Date "2014.07.21"]
[Round "3.46"]
[White "Rubino, William"]
[Black "Brard, Laurent"]
[Result "1-0"]
[WhiteElo "2116"]
[BlackElo "1882"]
[WhiteFideId "631019"]
[BlackFideId "26026015"]
[EventDate "2014.07.19"]

1. e4 c5 2. Nf3 d6 3. d4 cxd4 4. Nxd4 Nf6 5. Nc3 g6 6. Be3 Bg7 7. Qd2 Nc6 8. f3
O-O 9. O-O-O d5 10. Qe1 e5 11. Nxc6 bxc6 12. exd5 Nxd5 13. Bc4 Be6 14. Ne4 Qc7
15. Bc5 Rfd8 16. h4 h6 17. h5 g5 18. g4 Rab8 19. Rh2 a5 20. Bb3 Ra8 21. Rhd2 a4
22. Bc4 Rab8 23. a3 Bf8 24. Bxf8 Kxf8 25. Nc5 Qd6 26. Nxa4 Ra8 27. Bb3 Rdb8 28.
Qe4 Rxb3 29. cxb3 Qc7 30. Nc5 Bc8 31. b4 Nc3 32. bxc3 Rxa3 33. Qh7 Ra1+ 34. Kb2
Rxd1 35. Qxh6+ Ke7 36. Qxg5+ 1-0

[Event "29th Avoine Open 2014"]
[Site "Avoine FRA"]
[Date "2014.07.21"]
[Round "3.47"]
[White "Lukasiewicz, Aleksander"]
[Black "Deslias, Gregoire"]
[Result "1-0"]
[WhiteElo "1933"]
[BlackElo "2110"]
[WhiteFideId "1134302"]
[BlackFideId "602051"]
[EventDate "2014.07.19"]

1. e4 c5 2. Nf3 a6 3. d4 cxd4 4. Nxd4 Nf6 5. Nc3 e5 6. Nf3 Bb4 7. Bc4 Qc7 8. Qd3
b5 9. Bb3 Bb7 10. O-O Bxc3 11. bxc3 Bxe4 12. Bxf7+ Ke7 13. Ba3+ d6 14. Qe3 Bxf3
15. Bb3 Be4 16. Qg3 Ke8 17. Rad1 d5 18. f3 Bxc2 19. Bxc2 Nc6 20. Bb3 Rd8 21. f4
e4 22. Qg5 Qd7 23. Rfe1 Kf7 24. Bc5 h6 25. Qg3 Ne7 26. Qf2 Nf5 27. Qd2 Qc6 28.
Bd4 Nxd4 29. Qxd4 h5 30. Rxe4 Nxe4 31. Qxe4 Qc5+ 32. Kf1 Rhe8 33. Qf5+ Ke7 34.
Bxd5 Rd6 35. Re1+ Kd8 36. Rxe8+ Kxe8 37. Bf7+ 1-0

[Event "29th Avoine Open 2014"]
[Site "Avoine FRA"]
[Date "2014.07.21"]
[Round "3.48"]
[White "Mauffrey, Hugues"]
[Black "Grigorian, Roudolph"]
[Result "0-1"]
[WhiteElo "1929"]
[BlackElo "2107"]
[WhiteFideId "637980"]
[BlackFideId "675768"]
[EventDate "2014.07.19"]

1. e4 Nf6 2. Nc3 d5 3. exd5 Nxd5 4. Bc4 e6 5. Qf3 Nf6 6. Nge2 Nc6 7. Bb5 Bd7 8.
d4 a6 9. Ba4 b5 10. Bb3 Na5 11. Bg5 Nxb3 12. Bxf6 gxf6 13. axb3 f5 14. Ng3 Bg7
15. Nce2 O-O 16. O-O Qe7 17. Nh5 f6 18. Nxg7 Kxg7 19. Ng3 Kh8 20. c4 bxc4 21.
bxc4 Rab8 22. Rxa6 Rxb2 23. c5 Bb5 24. Raa1 Bxf1 25. Nxf1 Qd7 26. Ra8 Rbb8 27.
Rxb8 Rxb8 28. Qc3 Kg7 29. h4 Rb1 30. Qd3 Qb5 31. Qxb5 Rxb5 32. Ng3 Rb1+ 33. Kh2
Rd1 34. Ne2 Rd2 35. Nf4 Kf7 0-1

[Event "29th Avoine Open 2014"]
[Site "Avoine FRA"]
[Date "2014.07.21"]
[Round "3.49"]
[White "Vidal, Llewellyn"]
[Black "Bouvet, Florian"]
[Result "1/2-1/2"]
[WhiteElo "2102"]
[BlackElo "1854"]
[WhiteFideId "20661347"]
[BlackFideId "676357"]
[EventDate "2014.07.19"]

1. Nf3 Nf6 2. g3 e6 3. Bg2 d5 4. O-O Be7 5. c4 O-O 6. d4 b6 7. Nc3 Bb7 8. Ne5
Nbd7 9. Bf4 c6 10. Qb3 Nxe5 11. Bxe5 Qd7 12. Bxf6 Bxf6 13. Rad1 Ba6 14. cxd5
cxd5 15. Qc2 Rac8 16. Qd2 Rfd8 17. Rc1 Qe7 18. Bf3 g6 19. h4 h5 20. Kg2 Kg7 21.
e3 Rc7 22. Be2 Bxe2 23. Qxe2 Rdc8 24. Qb5 Rc4 25. Qb3 Qc7 26. Ne2 Be7 27. Qd3
Rc2 28. Nc3 Rxc1 29. Rxc1 Qc4 30. Qxc4 Rxc4 31. Ne2 Rxc1 32. Nxc1 Bd6 33. Nd3 f6
34. Kf3 g5 35. Ke2 gxh4 36. gxh4 Kg6 37. Kf3 Kf5 38. Nc1 e5 39. Ne2 Bb4 40. Ng3+
Kg6 41. Ne2 Kf5 42. Ng3+ Kg6 1/2-1/2

[Event "29th Avoine Open 2014"]
[Site "Avoine FRA"]
[Date "2014.07.21"]
[Round "3.50"]
[White "Toure, Vasanth"]
[Black "Soyer, Jean-Yves"]
[Result "0-1"]
[WhiteElo "1913"]
[BlackElo "2080"]
[WhiteFideId "26014580"]
[BlackFideId "609650"]
[EventDate "2014.07.19"]

1. e4 c5 2. Nc3 Nc6 3. g3 g6 4. Bg2 Bg7 5. d3 d6 6. f4 e6 7. Nge2 Nge7 8. O-O
O-O 9. a3 Nd4 10. Rb1 a5 11. b4 Nxe2+ 12. Nxe2 cxb4 13. axb4 Qb6+ 14. Kh1 axb4
15. c3 Nc6 16. cxb4 Bd7 17. Bb2 Nd4 18. Nxd4 Bxd4 19. Qd2 Bxb2 20. Rxb2 Qd4 21.
b5 Ra4 22. Rc1 Rfa8 23. h3 Ra1 24. Bf1 Rxc1 25. Qxc1 Ra5 26. Kg2 Rxb5 27. Rxb5
Bxb5 28. Qc8+ Kg7 29. Qxb7 Bxd3 30. Bxd3 Qxd3 31. Qb4 h5 32. h4 d5 33. exd5 exd5
34. Qd6 Qe2+ 35. Kg1 Qe3+ 36. Kg2 Qe4+ 37. Kf2 Qd4+ 38. Kf3 Qc3+ 39. Kf2 Qb2+
40. Kf3 Qc3+ 41. Kf2 Qd4+ 42. Ke2 Qe4+ 43. Kf2 d4 44. Qc5 Qe3+ 45. Kg2 Qe2+ 46.
Kh3 d3 47. f5 Qf1+ 48. Kh2 Qe2+ 49. Kh3 gxf5 50. Qd4+ Kg6 51. Qd6+ Kh7 52. Qd7
Kg6 53. Qd6+ f6 54. Qf8 Qe6 55. Kh2 f4 56. gxf4 d2 57. Qd8 Qe2+ 58. Kh3 Qf3+ 59.
Kh2 Qxf4+ 60. Kh3 Qg4+ 61. Kh2 Qxh4+ 62. Kg2 Qg4+ 63. Kh2 Qe2+ 64. Kh3 d1=Q 65.
Qg8+ Kf5 66. Qh7+ Kf4 67. Qc7+ Ke3 68. Qc5+ Kd3 69. Qa3+ Kd2 70. Qa5+ Kc2 71.
Qa4+ Kb2 0-1

[Event "29th Avoine Open 2014"]
[Site "Avoine FRA"]
[Date "2014.07.21"]
[Round "3.51"]
[White "Batteux, Mickael"]
[Black "De Lussac, Estephe"]
[Result "1/2-1/2"]
[WhiteElo "2077"]
[BlackElo "1843"]
[WhiteFideId "644560"]
[BlackFideId "20685238"]
[EventDate "2014.07.19"]

1. d4 Nf6 2. Nf3 g6 3. Nc3 d5 4. Bf4 Bg7 5. e3 Bg4 6. Be2 c6 7. O-O Nbd7 8. h3
Bxf3 9. Bxf3 O-O 10. Re1 Re8 11. e4 dxe4 12. Nxe4 Qb6 13. c3 a5 14. Qc2 Rac8 15.
Rad1 Nxe4 16. Bxe4 e6 17. Bf3 Nf6 18. Be5 Nd5 19. h4 Qd8 20. h5 Ne7 21. hxg6
hxg6 22. Bg4 Nf5 23. Bxf5 exf5 24. Bxg7 Kxg7 25. Rxe8 Qxe8 26. Qd2 Qe6 27. d5
cxd5 28. Qxd5 Qb6 29. Qd4+ Qxd4 30. Rxd4 Rc6 31. Kf1 1/2-1/2

[Event "29th Avoine Open 2014"]
[Site "Avoine FRA"]
[Date "2014.07.21"]
[Round "3.55"]
[White "Dvorsak, Hans"]
[Black "Lukasiewicz, Anna"]
[Result "0-1"]
[WhiteElo "1855"]
[BlackElo "2062"]
[WhiteFideId "629634"]
[BlackFideId "1104756"]
[EventDate "2014.07.19"]

1. e4 c5 2. Nf3 Nc6 3. d4 cxd4 4. Nxd4 g6 5. Nc3 Bg7 6. Be3 Nf6 7. Nxc6 bxc6 8.
e5 Nd5 9. Nxd5 cxd5 10. Qxd5 Rb8 11. Bd4 O-O 12. Bc3 Bb7 13. Qd2 d6 14. exd6
Bxc3 15. Qxc3 Qxd6 16. f3 Rfc8 17. Qd2 Qe5+ 18. Kf2 Qc5+ 19. Ke1 Qxc2 20. Bd3
Qc5 21. Qf2 Qd5 22. Qe3 Rd8 23. Ke2 Bc6 24. b3 Rb4 25. Rhd1 Qa5 26. Bc4 Rxd1 27.
Kxd1 Bd5 28. Be2 Bxb3+ 29. Ke1 Bxa2 30. Kf2 Rb2 31. Qxe7 Qb6+ 32. Kg3 Qb8+ 33.
Kh3 Be6+ 34. g4 Rxe2 0-1

[Event "29th Avoine Open 2014"]
[Site "Avoine FRA"]
[Date "2014.07.21"]
[Round "3.56"]
[White "Lebret, Jean-Michel"]
[Black "Le Talbodec, Emmanuel"]
[Result "1-0"]
[WhiteElo "2059"]
[BlackElo "1786"]
[WhiteFideId "602094"]
[BlackFideId "20613512"]
[EventDate "2014.07.19"]

1. e4 c5 2. Nc3 d6 3. g3 Nf6 4. Bg2 g6 5. d3 Bg7 6. f4 Nc6 7. Nf3 O-O 8. O-O Qb6
9. Kh1 Bg4 10. h3 Bd7 11. g4 e6 12. Nh4 Rac8 13. Ne2 Ne8 14. f5 Qd8 15. g5 exf5
16. exf5 gxf5 17. Ng3 Be5 18. Ngxf5 Bxf5 19. Nxf5 Rc7 20. c3 Ng7 21. Nh6+ Kh8
22. Be3 Ne6 23. Qg4 Qe8 24. Bd5 Ned8 25. Rf3 Re7 26. Raf1 Bg7 27. Nf5 Rd7 28.
Qh5 Be5 29. d4 cxd4 30. cxd4 Bg7 31. Bc4 a6 32. Bd3 Bxd4 33. Nxd6 1-0

[Event "29th Avoine Open 2014"]
[Site "Avoine FRA"]
[Date "2014.07.21"]
[Round "3.57"]
[White "Monpeurt, Cyrielle"]
[Black "Le Gallic, Renan"]
[Result "1-0"]
[WhiteElo "2045"]
[BlackElo "1779"]
[WhiteFideId "677400"]
[BlackFideId "683841"]
[EventDate "2014.07.19"]

1. e4 c5 2. Nf3 Nc6 3. d4 cxd4 4. Nxd4 d6 5. Nc3 g6 6. Be3 Nf6 7. f3 Bg7 8. Qd2
a6 9. O-O-O Bd7 10. g4 b5 11. g5 Nh5 12. Be2 O-O 13. Rdf1 Qa5 14. Kb1 Nxd4 15.
Bxd4 Be6 16. Bxg7 Nxg7 17. Rd1 b4 18. Nd5 Bxd5 19. exd5 Qc5 20. h4 Rfc8 21. f4
Rc7 22. h5 Nf5 23. hxg6 fxg6 24. Bg4 Rf8 25. Bxf5 Rxf5 26. Qh2 Kf8 27. Qxh7
Qxc2+ 28. Ka1 Rxd5 29. Qh8+ Kf7 30. Rde1 Re5 31. fxe5 1-0

[Event "29th Avoine Open 2014"]
[Site "Avoine FRA"]
[Date "2014.07.23"]
[Round "5.14"]
[White "Gatineau, Yovann"]
[Black "Doluhanova, Evgeniya"]
[Result "0-1"]
[BlackTitle "WGM"]
[WhiteElo "1886"]
[BlackElo "2334"]
[WhiteFideId "26028999"]
[BlackFideId "14112035"]
[EventDate "2014.07.19"]

1. d4 Nf6 2. c4 e6 3. Nc3 Bb4 4. e3 O-O 5. Ne2 Re8 6. a3 Bf8 7. Nf4 d6 8. Be2
Nbd7 9. O-O e5 10. Nfd5 Nxd5 11. cxd5 exd4 12. exd4 g6 13. Bf4 Bg7 14. Qd2 Nb6
15. a4 Bd7 16. Rfe1 Nc8 17. Bf3 a6 18. Ne4 Nb6 19. Nc3 Rxe1+ 20. Rxe1 Nxa4 21.
Ne4 Nb6 22. Bh6 Nxd5 23. Nxd6 cxd6 24. Bxd5 Bxh6 25. Qxh6 Qf6 26. Bxb7 Rb8 27.
Bxa6 Qxd4 28. b3 Rxb3 29. Qg5 Rb2 30. Qg3 Be6 31. Rc1 Qd2 32. Qe3 Qxe3 33. fxe3
Bd5 34. Bf1 Be4 35. Re1 Kg7 36. Be2 Kf6 37. Bf3 Ke5 38. Rd1 d5 39. Rd4 Bxf3 40.
gxf3 Re2 41. f4+ Ke6 42. Rd3 f6 43. h3 g5 44. fxg5 fxg5 45. Ra3 h5 46. Ra8 Kf5
47. Re8 h4 48. Kh1 Kf6 49. Rf8+ Kg6 50. Rg8+ Kh6 51. Rd8 Rxe3 52. Rxd5 Rxh3+ 53.
Kg2 Ra3 54. Rd4 Kh5 55. Rb4 Ra2+ 56. Kg1 h3 57. Kh1 g4 58. Rb3 Kh4 59. Rb8 Ra1+ 0-1

[Event "29th Avoine Open 2014"]
[Site "Avoine FRA"]
[Date "2014.07.23"]
[Round "5.31"]
[White "Le Huec, Marc"]
[Black "Rodon, Gurvan"]
[Result "1-0"]
[WhiteElo "2267"]
[BlackElo "2039"]
[WhiteFideId "624829"]
[BlackFideId "619256"]
[EventDate "2014.07.19"]

1. d4 Nf6 2. c4 e6 3. Nc3 Bb4 4. e3 O-O 5. Ne2 b6 6. a3 Be7 7. d5 d6 8. Ng3 e5
9. Bd3 g6 10. f4 Nfd7 11. f5 Nc5 12. Bc2 a5 13. O-O Nbd7 14. Bd2 Bg5 15. Qg4 Bh6
16. b4 axb4 17. axb4 Rxa1 18. Rxa1 Na6 19. Nce4 Nf6 20. Qh4 Nxe4 21. Qxh6 Nxd2
22. Nh5 gxh5 23. f6 e4 24. Qg7# 1-0

[Event "29th Avoine Open 2014"]
[Site "Avoine FRA"]
[Date "2014.07.24"]
[Round "6.29"]
[White "Le Corre, Benjamin"]
[Black "Dreux, Vincent"]
[Result "1-0"]
[WhiteTitle "FM"]
[WhiteElo "2272"]
[BlackElo "1935"]
[WhiteFideId "639605"]
[BlackFideId "658960"]
[EventDate "2014.07.19"]

1. e4 c6 2. d4 d5 3. f3 e6 4. Nc3 Nf6 5. Bf4 Bb4 6. Qd3 Qa5 7. Ne2 c5 8. exd5
Nxd5 9. Bd2 cxd4 10. Qxd4 O-O 11. O-O-O Nc6 12. Qh4 Nce7 13. a3 Nf5 14. Qe1 Be7
15. Nxd5 Qxd5 16. Kb1 b6 17. Ng3 Nxg3 18. hxg3 Rd8 19. Bd3 f5 20. Bc3 Qc6 21. g4
Re8 22. Qe2 Bd7 23. gxf5 exf5 24. Bc4+ Kh8 25. Bd5 Qb5 26. Qe5 Bf8 27. Rxh7+ 1-0

[Event "29th Avoine Open 2014"]
[Site "Avoine FRA"]
[Date "2014.07.24"]
[Round "6.47"]
[White "Bernard, Alien"]
[Black "Afraoui, Anaelle"]
[Result "0-1"]
[WhiteElo "2027"]
[BlackElo "1838"]
[WhiteFideId "678465"]
[BlackFideId "20654383"]
[EventDate "2014.07.19"]

1. g3 Nf6 2. Bg2 g6 3. e4 d6 4. Nc3 c5 5. d3 Nc6 6. h3 Bg7 7. f4 O-O 8. Nf3 e6
9. O-O Nd7 10. g4 f5 11. Ne2 Nd4 12. Ng3 Nb8 13. c3 Nxf3+ 14. Qxf3 Nc6 15. Be3
e5 16. gxf5 gxf5 17. Nh5 Qe7 18. fxe5 Nxe5 19. Qg3 Kh8 20. Bg5 Qf7 21. Nxg7 Qxg7
22. Qh4 Nxd3 23. Rf3 Ne5 24. Rg3 Ng6 25. Bh6 Qf6 26. Qh5 Re8 27. exf5 Qxf5 28.
Rg5 Qe6 29. Rf1 Bd7 30. Rgf5 Bc6 31. Rf6 Qe2 32. Rf8+ Nxf8 33. Rxf8+ Rxf8 34.
Qxe2 Rg8 35. Qe7 Rxg2+ 36. Kf1 Rg6 37. Bg5 Kg8 38. h4 Rf8+ 39. Kg1 h6 40. Kh2
hxg5 41. h5 Rg7 42. Qe6+ Kh8 43. Qh6+ Kg8 44. Qe6+ Rff7 45. h6 Rh7 46. Qg6+ Kh8
47. Kg3 g4 48. Qxd6 Re7 49. Qf6+ Kg8 50. Qg6+ Kf8 51. Qf5+ Rhf7 52. Qxc5 Rf3+
53. Kxg4 Rf7 54. Qd6 Bd7+ 55. Kg5 Kg8 56. Qb8+ Re8 57. Qxb7 Rf5+ 58. Kh4 Re4+
59. Kg3 Rg4+ 0-1

[Event "29th Avoine Open 2014"]
[Site "Avoine FRA"]
[Date "2014.07.25"]
[Round "7.1"]
[White "Lagarde, Maxime"]
[Black "Greenfeld, Alon"]
[Result "1/2-1/2"]
[WhiteTitle "GM"]
[BlackTitle "GM"]
[WhiteElo "2521"]
[BlackElo "2540"]
[WhiteFideId "662399"]
[BlackFideId "2800039"]
[EventDate "2014.07.19"]

1. e4 e5 2. Nf3 Nc6 3. Bc4 Nf6 4. d3 Bc5 5. O-O d6 6. c3 a6 7. Bb3 Ba7 8. Nbd2
O-O 9. h3 Nh5 10. Nc4 Qf6 11. Ne3 Nf4 12. Kh2 Qg6 13. g3 Qh6 14. Nh4 Bxh3 15.
Neg2 Bxg2 16. Bxf4 exf4 17. Kxg2 Rae8 18. d4 Rxe4 19. Bc2 fxg3 20. fxg3 Rxh4 21.
gxh4 Qxh4 22. Rf3 Qg4+ 23. Kh2 g6 24. Bb3 Qh5+ 25. Kg2 Ne7 26. Rh3 Qg5+ 27. Rg3
Qf4 28. Qf1 Qe4+ 29. Qf3 Qxf3+ 30. Kxf3 Nf5 31. Rgg1 Re8 32. Rae1 Rxe1 33. Rxe1
Kf8 34. Bc2 Ne7 35. Kg4 c6 36. Kg5 Ng8 37. b4 Bb6 38. a4 Bd8+ 39. Kf4 Ne7 40. c4
d5 41. c5 Bc7+ 42. Ke3 h5 43. Rb1 g5 44. b5 Ke8 45. Bd3 a5 46. b6 Bf4+ 47. Kf3
Ng8 48. Rh1 Nf6 49. Bf5 1/2-1/2